Die ersten 100 Torschützen für Dynamo Dresden in der 2. Bundesliga - Statistiken

Allgemein
  • Dieses Quiz wurde 45 mal gespielt
  • Das Durchschnittsergebnis liegt bei 60 aus 100
Antwortstatistiken
1. Tor Spieler Tore gesamt Nation % Korrekt
15.10.2016 Stefan Kutschke 16 Deutschland
95%
24.01.2026 Kofi Amoako 1 Deutschland
89%
04.11.2016 Niklas Hauptmann 3 Deutschland
89%
24.07.2021 Christoph Daferner 18 Deutschland
84%
17.01.2026 Thomas Keller 2 Deutschland
84%
03.08.2025 Claudio Kammerknecht 1 Sri Lanka
79%
14.09.2025 Jakob Lemmer 5 Deutschland
79%
11.09.2016 Marvin Stefaniak 1 Deutschland
79%
04.02.2018 Moussa Koné 22 Senegal
79%
21.09.2025 Nils Fröling 3 Schweden
79%
21.11.2025 Vincent Vermeij 3 Niederlande
79%
15.08.2016 Aias Aosman 8 Syrien
74%
10.11.2018 Baris Atik 6 Türkei
74%
26.02.2017 Jannik Müller 5 Deutschland
74%
21.08.2021 Panagiotis Vlachodimos 1 Griechenland
74%
17.02.2013 Tobias Müller 5 Deutschland
74%
15.02.2014 Vincenzo Grifo 1 Italien
74%
16.09.2011 Zlatko Dedic 19 Slowenien
74%
18.10.2025 Alexander Rossipal 3 Deutschland
68%
25.08.2012 Anthony Losilla 3 Frankreich
68%
26.09.2011 Cristian Fiel 3 Spanien
68%
27.11.2017 Haris Duljevic 3 Bosnien-Herzegowina
68%
07.02.2020 Josef Husbauer 1 Tschechien
68%
18.10.2025 Lars Bünning 1 Deutschland
68%
05.10.2013 Marco Hartmann 7 Deutschland
68%
16.09.2011 Mickael Poté 21 Benin
68%
29.10.2017 Patrick Möschl 1 Österreich
68%
07.02.2020 Patrick Schmidt 6 Deutschland
68%
01.10.2017 Peniel Mlapa 4 Togo
68%
05.12.2021 Ransford-Yeboah Königsdörffer 5 Ghana
68%
12.08.2011 Robert Koch 12 Deutschland
68%
02.10.2011 Romain Bregerie 4 Frankreich
68%
17.09.2017 Sascha Horvath 2 Österreich
68%
25.09.2016 Akaki Gogia 10 Deutschland
63%
07.02.2005 Ansgar Brinkmann 4 Deutschland
63%
01.09.2013 Christoph Menz 1 Deutschland
63%
03.05.2019 Dzenis Burnic 1 Bosnien-Herzegowina
63%
29.01.2017 Erich Berko 12 Deutschland
63%
15.07.2011 Filip Trojan 3 Tschechien
63%
11.09.2016 Florian Ballas 5 Deutschland
63%
24.07.2021 Heinz Mörschel 3 Dominikanische Republik
63%
25.08.2012 Idir Ouali 8 Algerien
63%
07.08.2004 Joshua Kennedy 16 Australien
63%
07.08.2004 Karsten Oswald 4 Deutschland
63%
24.08.2025 Luca Herrmann 1 Deutschland
63%
30.07.2017 Lucas Röser 13 Deutschland
63%
23.11.2012 Lynel Kitambala 2 Frankreich
63%
03.03.2017 Manuel Konrad 4 Deutschland
63%
26.08.2013 Mohamed Amine Aoudia 6 Algerien
63%
06.08.2016 Pascal Testroet 3 Deutschland
63%
24.07.2011 Pavel Fort 9 Tschechien
63%
29.01.2017 Philip Heise 5 Deutschland
63%
14.08.2021 Sebastian Mai 1 Deutschland
63%
18.08.2019 Alexander Jeremejeff 4 Schweden
58%
30.01.2019 Brian Hamalainen 1 Dänemark
58%
16.12.2012 Cheikh Gueye 1 Senegal
58%
12.09.2021 Chris Löwe 1 Deutschland
58%
21.08.2021 Julius Kade 2 Deutschland
58%
01.04.2019 Justin Löwe 1 Deutschland
58%
07.08.2004 Klemen Lavric 17 Slowenien
58%
22.02.2006 Maik Wagefeld 2 Deutschland
58%
26.09.2021 Morris Schröter 1 Deutschland
58%
26.02.2017 Niklas Kreuzer 4 Deutschland
58%
30.01.2019 Osman Atilgan 1 Deutschland
58%
22.09.2018 Patrick Ebert 4 Deutschland
58%
03.12.2017 Rico Benatelli 3 Deutschland
58%
12.08.2011 Sascha Pfeffer 1 Deutschland
58%
21.04.2012 Sebastian Schuppan 5 Deutschland
58%
28.02.2020 Simon Makienok 3 Dänemark
58%
20.07.2013 Tobias Kempe 4 Deutschland
58%
23.04.2006 Alexander Ludwig 1 Deutschland
53%
15.08.2016 Andreas Lambertz 4 Deutschland
53%
26.09.2004 Christian Fröhlich 10 Deutschland
53%
01.04.2005 Dexter Langen 3 Deutschland
53%
07.11.2025 Dominik Kother 1 Deutschland
53%
10.04.2006 Ivo Ulich 2 Tschechien
53%
12.08.2005 Marco Vorbeck 6 Deutschland
53%
04.03.2005 Mariusz Kukielka 2 Polen
53%
01.04.2022 Paul Will 2 Deutschland
53%
10.09.2004 René Beuchel 3 Deutschland
53%
07.11.2004 Volker Oppitz 1 Deutschland
53%
12.09.2011 Muhamed Subasic 3 Bosnien-Herzegowina
47%
14.09.2018 Dario Dumic 1 Bosnien-Herzegowina
42%
12.08.2011 Martin Stoll 1 Deutschland
42%
12.08.2011 Marvin Knoll 1 Deutschland
42%
08.05.2022 Michael Akoto 1 Deutschland
42%
14.05.2006 Pavel Pergl 1 Tschechien
42%
10.11.2013 Thorsten Schulz 1 Deutschland
42%
30.09.2012 Tobias Jänicke 1 Deutschland
42%
16.09.2005 Tomislav Stanic 1 Bosnien-Herzegowina
42%
12.08.2005 Dennis Cagara 2 Philippinen
37%
03.03.2019 Jannis Nikolaou 4 Deutschland
37%
08.05.2022 Patrick Weihrauch 1 Deutschland
37%
05.12.2005 Thomas Bröker 4 Deutschland
37%
01.08.2021 Tim Knipping 2 Deutschland
37%
29.01.2020 Marco Terrazzino 2 Deutschland
32%
07.11.2004 Ronny Scholze 1 Deutschland
32%
09.08.2013 Adam Susac 1 Kroatien
21%
17.10.2005 Witold Wawrzyczek 1 Polen
21%
10.02.2006 Tomas Votava 2 Tschechien
16%
Keine übereinstimmenden Quizze gefunden
Verteilung der Resultate
Anzahl Personen mit jedem Resultat
Perzentil nach korrekt beantworteten Fragen
Ihre Resultats-Entwicklung
Sie haben dieses Quiz noch nicht gespielt